Trajes y tejidos de los indios zoques de Chiapas, México (Record no. 10156)

MARC details
000 -CABECERA
campo de control de longitud fija 01163nam a2200325 a 4500
001 - NÚMERO DE CONTROL
campo de control BRL_1344
005 - FECHA Y HORA DE LA ÚLTIMA TRANSACCIÓN
campo de control 20190320211146.0
008 - DATOS DE LONGITUD FIJA--INFORMACIÓN GENERAL
campo de control de longitud fija 070114s1988----mx-ao#####---#000-0#spa-#
020 ## - NÚMERO INTERNACIONAL ESTÁNDAR DEL LIBRO
Número Internacional Estándar del Libro 9688421685
041 ## - CÓDIGO DE LENGUA
Código de lengua del texto/banda sonora o título independiente spa
044 ## - CÓDIGO DEL PAÍS DE LA ENTIDAD EDITORA/PRODUCTORA
Código MARC del país mx
050 #4 - SIGNATURA TOPOGRÁFICA DE LA BIBLIOTECA DEL CONGRESO
Número de clasificación F1221.Z6
Número de documento/Ítem .C67 1988
100 1# - ENTRADA PRINCIPAL--NOMBRE DE PERSONA
Nombre de persona Cordry, Donald Bush
9 (RLIN) 413
245 10 - MENCIÓN DE TÍTULO
Título Trajes y tejidos de los indios zoques de Chiapas, México
Mención de responsabilidad, etc. Donald B. y Dorothy M. Cordry ; traducción de Andrés Fábregas Puig.
260 ## - PUBLICACIÓN, DISTRIBUCIÓN, ETC.
Lugar de publicación, distribución, etc. México
Nombre del editor, distribuidor, etc. Gobierno del Estado de Chiapas : Miguel Ángel Porrúa
Fecha de publicación, distribución, etc. 1988
300 ## - DESCRIPCIÓN FÍSICA
Extensión 178 p.
Otras características físicas il.
Dimensiones 21 cm.
500 ## - NOTA GENERAL
Nota general Incluye dedicatoria a Ruth Lechuga
500 ## - NOTA GENERAL
Nota general Traducción de: Costumes and weaving of the Zoque Indians of Chiapas, Mexico.
500 ## - NOTA GENERAL
Nota general Au1572
504 ## - NOTA DE BIBLIOGRAFÍA, ETC.
Nota de bibliografía, etc. Bibliografía : p. 173-176
650 14 - PUNTO DE ACCESO ADICIONAL DE MATERIA--TÉRMINO DE MATERIA
Término de materia o nombre geográfico como elemento de entrada Zoques
Subdivisión general Indumentaria
9 (RLIN) 26587
650 14 - PUNTO DE ACCESO ADICIONAL DE MATERIA--TÉRMINO DE MATERIA
Término de materia o nombre geográfico como elemento de entrada Fábricas textiles zoque
9 (RLIN) 415
650 14 - PUNTO DE ACCESO ADICIONAL DE MATERIA--TÉRMINO DE MATERIA
Término de materia o nombre geográfico como elemento de entrada Zoques
Subdivisión general Vida social y costumbres
9 (RLIN) 26588
651 #4 - PUNTO DE ACCESO ADICIONAL DE MATERIA--NOMBRE GEOGRÁFICO
Nombre geográfico Chiapas (México)
Subdivisión general Vida social y costumbres
9 (RLIN) 417
653 0# - TÉRMINO DE INDIZACIÓN--NO CONTROLADO
Término no controlado Textiles - Chiapas
700 1# - PUNTO DE ACCESO ADICIONAL--NOMBRE DE PERSONA
Nombre de persona Cordry, Dorothy M.
9 (RLIN) 26589
700 1# - PUNTO DE ACCESO ADICIONAL--NOMBRE DE PERSONA
Nombre de persona Fábregas Puig, Andrés
Término indicativo de función/relación il.
9 (RLIN) 26590
902 ## - CATALOGADOR
Iniciales GRL
942 ## - ELEMENTOS DE PUNTO DE ACCESO ADICIONAL (KOHA)
Fuente del sistema de clasificación o colocación Library of Congress Classification
Tipo de ítem Koha Libros
Holdings
Estado de retiro Estado de pérdida Estado dañado No para préstamo Localización permanente Ubicación/localización actual Fecha de adquisición Número de inventario Total de préstamos Signatura topográfica completa Código de barras Fecha visto por última vez Precio válido a partir de Tipo de ítem Koha
El ejemplar forma parte de la colección y puede ser consultado según las políticas vigentes.       Biblioteca Centro de Estudios Ruth D. Lechuga Biblioteca Centro de Estudios Ruth D. Lechuga 07/01/2014 Au1572   F1221.Z6 .C67 1988 (Au1572) GRL01502 22/03/2019 22/03/2019 Libros